Igló Iskola utca

Zobrazenie: V bielom orámovaní pohľad na ulicu, na ktorej v popredí stojí päť osôb. Ulica je lemovaná na každej strane radom domov a stromov a pri prvom dome vľavo je muž

Bibliographic Details
Format: Photo
Language:Hungarian
Slovak
PhysicalDescription:1 pohľadnica čiernobiela 9 x 14 cm
Published: Iglón Jeszenskýek trafikja 1918
Subjects:

MARC

LEADER 00000nkm a2200000 a 4500
001 vtls011769742
003 SK-MaSNL
005 20260301045511.0
007 kf bo
008 230706s1918 xo g kuhun
015 |a SNBG1918 
035 |a urn:nbn:sk:snk-km00doo0 
035 |a urn:nbn:sk:snk-km3lymg 
035 |a D946DC40-0E52-4C3E-A1CE-7CB976A4F21E 
040 |a SNK  |b slo  |c SNK  |e AACR2 
041 0 |a hun  |a slo 
043 |a e-xo--- 
044 |a xo  |c SK 
072 7 |a 913  |x Regionálna geografia  |2 konspekt 
072 7 |a 71  |x Územné plánovanie. Urbanizmus. Pamiatková starostlivosť  |2 konspekt 
080 |a 913(437.6)  |2 2011 
080 |a 711.73  |2 2011 
080 |a (084.121)  |2 2011 
245 0 0 |a Igló  |h grafika  |b Iskola utca 
246 3 1 |a Spišská Nová Ves  |b Rumannova ulica 
260 |a Iglón  |b Jeszenskýek trafikja  |c 1918  |e [Budapešť?]  |f K. J. Bp. 
300 |a 1 pohľadnica  |b čiernobiela  |c 9 x 14 cm 
500 |a Názov v slovenčine bol vytlačený na pohľadnicu dodatočne 
500 |a Názvové údaje prevzaté z obrazovej časti pohľadnice 
520 8 |a Zobrazenie: V bielom orámovaní pohľad na ulicu, na ktorej v popredí stojí päť osôb. Ulica je lemovaná na každej strane radom domov a stromov a pri prvom dome vľavo je muž 
546 |a súbežný názov a podnázov v slovenčine 
650 0 7 |a ulice  |2 SNKPH  |9 2938 
651 7 |a Spišská Nová Ves (Slovensko)  |2 SNKPHgeo  |9 28800 
655 7 |a miestne pohľadnice  |2 SNKPH  |9 70510 
752 |a Slovensko  |d Spišská Nová Ves 
852 |a Slovenská národná knižnica 
958 |a GBN 
958 |a ONDV 
958 |a GC 
999 |c 598513  |d 600443 
952 |a SNK  |b SNK  |y PREZ  |7 0  |p 17A1244388  |o snkSP 34192  |z Pohľadnica prešla poštou. ; Pohľadnica má zúbkované okraje.  |0 0  |1 0  |4 0  |d 2018-07-31  |f 1  |l 0  |r 2026-02-23 15:46:33  |w 2026-02-23